01777nam a22004337a 4500003000500000005001700005008004100022010001000063011001000073035001000083040000900093090001000102100004100112245011600153260004000269300002200309502007500331590003700406590004100443590004100484590004100525590004100566590004200607650004300649650005400692650004300746650004000789650002600829650003200855650002200887700004200909901000700951942000900958949004300967949005501010999001701065952013301082952012801215CHAP20220329141035.0971013s1996 r 00010 d a61714 a62686 a66861 cCHAP aTesis00aBarrón Gutiérrez, Saúl.910566 aEfecto de la suplementación de treonina en una dieta a base de sorgo-pasta de soya para cerdos en crecimiento aChapingo, Méx. :bEl autor,c1996 a44 h.b; gráfs. aTesis (Ing. Agr. Esp. en Zootecnia) -- UACH. Departamento de Zootecnia aALEPHb10c20130110lUCH01h1343 aBATCH-UPDb10c20130110lUCH01h0255 aBATCH-UPDb10c20130110lUCH01h1244 aBATCH-UPDb10c20130409lUCH01h2326 aBATCH-UPDb10c20130914lUCH01h0543 aCONVERSIONb10c20130109lUCH01h133314aGanado porcinoxAlimentación.94532914aGanado porcinoxEfecto del medio ambiente.94535914aGanado porcinoxMéxico (Edo.)94538714aGanado porcinoxNutrición.94539014aPasta de soya.98590414aSorgo como forraje.910874314aTreonina.91148220 aCastro Romero, José Alfredo.920424 aBK cFOLL bBCcTESd-152101eTS1h30713i66861si bBCcTESd33724000625646eTS2fc.2h30714i66861si c61714d61714 00102local4053708TESISaBCbBCcPA_TESISd2019-12-31fTESISl0p33724000625646r2019-12-31 00:00:00tc.2w2019-12-31yTESIS 00102local4051708TESISaBCbBCcPA_TESISd2019-12-31fTESISl0oTesisp-152101r2019-12-31 00:00:00w2019-12-31yTESIS